Public Administration in India / (Record no. 154905)

MARC details
000 -LEADER
fixed length control field 00598nam a22001937a 4500
003 - CONTROL NUMBER IDENTIFIER
control field dpl
005 - DATE AND TIME OF LATEST TRANSACTION
control field 20180726150748.0
008 - FIXED-LENGTH DATA ELEMENTS--GENERAL INFORMATION
fixed length control field 180726b xxu||||| |||| 00| 0 eng d
020 ## - INTERNATIONAL STANDARD BOOK NUMBER
International Standard Book Number 817648413X
Terms of availability 0.00
035 ## - SYSTEM CONTROL NUMBER
System control number B-091420
040 ## - CATALOGING SOURCE
Original cataloging agency DPL
Language of cataloging EN
Transcribing agency 0
082 ## - DEWEY DECIMAL CLASSIFICATION NUMBER
Classification number 351.00954
245 ## - TITLE STATEMENT
Title Public Administration in India /
Remainder of title Current Perspectives
Statement of responsibility, etc Edited by C.P.Barthwal [and] Kumkum Kishore
260 ## - PUBLICATION, DISTRIBUTION, ETC. (IMPRINT)
Place of publication, distribution, etc New Delhi
Name of publisher, distributor, etc A.P.H.Publishing Corporation
Date of publication, distribution, etc 2003
300 ## - PHYSICAL DESCRIPTION
Extent v;520p.;
Dimensions 21cm
500 ## - GENERAL NOTE
General note includes Index
700 ## - ADDED ENTRY--PERSONAL NAME
Personal name Kishore,Kumkum
942 ## - ADDED ENTRY ELEMENTS (KOHA)
Source of classification or shelving scheme Dewey Decimal Classification
Koha item type English Books
Classification part 351.00954
Call number suffix PUB
Holdings
Withdrawn status Lost status Source of classification or shelving scheme Damaged status Not for loan Collection code Home library Current library Date acquired Source of acquisition Cost, normal purchase price Total Checkouts Full call number Barcode Date last seen Cost, replacement price Price effective from Koha item type
    Dewey Decimal Classification     Non-fiction Patel Nagar Patel Nagar 26/07/2018 BPPD/PUB 0.00   351.00954 PUB B-091420 26/07/2018 0.00 26/07/2018 English Books

© Delhi Public Library
Hit Counter
free hit counter